00792nam a2200253 a 4500001001300000003000900013005001700022008004100039020002300080082001500103100001600118245008000134260003400214300000900248500003500257505001700292650002200309650003300331700001600364902000800380942000700388952012800395999001500523nice12345678IN_TiNIC20260116013122.0050524s1979 lona grp 000 0 eng  a071893X c50600a297.7bTIB aTibawi, A L aIslamic Educationb Its Traditions and Modernization into the Arab National aLondon bLuzac and Co. c1979 a256p aincludes index and biblioraphy2 aBibliography aIslamic-Education aIslam-Education and Training1 aTibawi, A L bSRS cBK 001040708StackRoom-aHMIbHMId2007-07-12g506.00l2o297.7 TIBp019348r2018-03-15s2018-01-17v506.00w2005-05-24yBK c9731d9731